000 00425nam a2200145 i 4500
001 20800
003 ES-MaACL
005 20230906152350.0
007 t|
008 021118n19301939sp ||||1| spa d
245 0 0 _aAkademos centro particular de enseƱanza
_b: residencia de estudiantes.
260 _aMadrid :
_b[s.n.,
_c193-?] (
_fTip. Hispano-Americana)
300 _a18 h. :
_bil. ;
_c23 cm.
852 _aES-MaACL
_j1809-F-2
999 _c20800
_d20800